Growth and recession in small-scale industry: a study of Tamil Nadu powerlooms (Record no. 42986)

000 -LEADER
fixed length control field 01328pab a2200169 454500
008 - FIXED-LENGTH DATA ELEMENTS--GENERAL INFORMATION
fixed length control field 180718b1999 xxu||||| |||| 00| 0 eng d
100 ## - MAIN ENTRY--PERSONAL NAME
Personal name Roy, Tirthankar
245 ## - TITLE STATEMENT
Title Growth and recession in small-scale industry: a study of Tamil Nadu powerlooms
260 ## - PUBLICATION, DISTRIBUTION, ETC.
Date of publication, distribution, etc. 1999
300 ## - PHYSICAL DESCRIPTION
Extent p.3137-145
362 ## - DATES OF PUBLICATION AND/OR SEQUENTIAL DESIGNATION
Dates of publication and/or sequential designation 30 Oct
520 ## - SUMMARY, ETC.
Summary, etc. The powerloom industry has done exceptionally well in India, in the long run and especially during an export boom after trade liberalisation in the late 1980s. Its growth illustrates several intuitions of recent international literature on small firm dynamics. An export recession in 1996-98, however, showed that the growth had happened without basic changes in the technological and organisational capability of the industry. Using the example of an export-oriented weaving region, the paper describes the origin and presents conditions of the industry, its major handicaps, how it tries to address its handicaps, and what kind of policy initiatives may be needed to deal with them. The paper also suggests that some recent changes in organisation and technology in the industry can be seen as attempts to deal with these weaknesses. - Reproduced
650 ## - SUBJECT ADDED ENTRY--TOPICAL TERM
Topical term or geographic name entry element Tamil Nadu - Industries, Small scale
650 ## - SUBJECT ADDED ENTRY--TOPICAL TERM
Topical term or geographic name entry element Small scale industry
773 ## - HOST ITEM ENTRY
Main entry heading Economic and Political Weekly
909 ## -
-- 42986
Holdings
Withdrawn status Lost status Damaged status Not for loan Permanent Location Current Location Date acquired Serial Enumeration / chronology Barcode Date last seen Price effective from Koha item type
        Indian Institute of Public Administration Indian Institute of Public Administration 2018-07-19 Volume no: 34, Issue no: 44 AR43371 2018-07-19 2018-07-19 Articles

Powered by Koha